Lord of the Rings by letter - E - Statistics

General Stats
  • This quiz has been taken 1,292 times
  • The average score is 14 of 25
Answer Stats
Hint Answer % Correct
Legolas is an ... Elf
98%
Lord of Rivendell Elrond
98%
Treebeard is an ... Ent
97%
King of Rohan after Theoden Eomer
91%
Daughter of previous answer Eowyn
90%
Gwaihir is one of these Eagle
86%
The only body part left of Sauron Eye
81%
The Lonely Mountain Erebor
78%
Father of Isildur Elendil
73%
City of Rohan where Theoden resided Edoras
72%
One of the Farthings of the Shire Eastfarthing
66%
Name for Aragorn as a King, meaning Elfstone Elessar
60%
The Father of Denethor II Ecthelion II
51%
First king of Rohan, known as 'the Young' Eorl the Young
51%
Flower in Lothlorien, Daughter of Samwise Elanor
47%
The Father of Elrond Eärendil
40%
The Two Sons of previous answer Elladan and Elrohir
37%
Father of previous answer Eomund
34%
Range of Hills on both sides of the Anduin containg the Falls of Rauros Emyn Muil
27%
Ent drink that caused Merry and Pippin to grow Ent-draught
27%
South of the Shire lies the vast region of Eriador
27%
Region West of Moria called Hollin or ...... Eregion
25%
Comes to the Battle of Helms Deep with Gandalf, Lord of the Westfold Erkenbrand
21%
A troop of riders of Rohan Eored
17%
Mountains of Shadow on the West of Mordor Ephel Duath
11%
No matching quizzes found
Score Distribution
Percent of People with Each Score
Percentile by Number Answered
Your Score History
You have not taken this quiz